[Event "EU-Cup 24th"]
[Site "Kallithea"]
[Date "2008.10.22"]
[Round "6"]
[White "Mamedyarov, Shakhriyar"]
[Black "Huzman, Alexander"]
[Result "1/2-1/2"]
[WhiteElo "2731"]
[BlackElo "2590"]
[Annotator "Rogozenco,D"]
[PlyCount "130"]
[EventDate "2008.10.17"]
[EventType "team-swiss"]
[EventRounds "7"]
[EventCountry "GRE"]
[SourceTitle "CBM 127"]
[Source "ChessBase"]
[SourceDate "2008.11.13"]
[SourceVersion "1"]
[SourceVersionDate "2008.11.13"]
[SourceQuality "1"]
[WhiteTeam "Alkaloid"]
[BlackTeam "Beer Sheva"]
[WhiteTeamCountry "MKD"]
[BlackTeamCountry "ISR"]

1. d4 d5 2. c4 c6 3. Nc3 Nf6 4. Nf3 dxc4 5. a4 Bf5 6. Ne5 Nbd7 7. Nxc4 Nb6 8.
Ne5 a5 9. Rg1 $5 $146 {A surprising novelty, in a way quite typical for modern
chess: White ignores classical development rules and wants to expand on the
kingside.} g6 ({In the event of} 9... h5 {White's idea could have been} 10. Bg5
{and the bishop can't be disturbed by the move ...h6 anymore.}) ({Worth
considering is the move} 9... e6 10. g4 Bg6 11. h4 Bb4 12. h5 Be4 $13 {and
White's attempts to win material backfire:} 13. f3 $2 (13. h6 $13) 13... Nfd7
$32 14. fxe4 (14. Nxd7 Qh4+ 15. Kd2 Nc4#) 14... Qh4+ 15. Kd2 Nxe5 $19) 10. g4
Be6 11. e4 Bg7 (11... Nfd7 12. Nxd7 (12. f4 $2 Nxe5 13. fxe5 Bg7 $17) 12...
Bxd7 (12... Nxd7 $2 13. d5 $18) (12... Qxd7 $2 13. d5 cxd5 14. Bb5 $18) 13. Be3
Bg7 14. Qb3 O-O (14... Qc7 15. h4 $1 h5 $140 16. gxh5 Rxh5 17. Rxg6 $1 $36) (
14... Be6 $2 15. d5) 15. h4 (15. d5 $6 Nc8 16. Qxb7 $140 Nd6 17. Qb3 Rb8 18.
Qc2 cxd5 19. exd5 Qc7 $17) 15... Nc8 16. h5 (16. Qxb7 Nd6 17. Qb3 Rb8 18. Qc2
Be6 $44) 16... Nd6 $13) 12. f4 O-O 13. Be3 Ne8 (13... Nfd7 $2 14. f5 Nxe5 15.
dxe5 (15. fxe6 $2 Nec4 $17) 15... Nc4 16. Qxd8 Raxd8 17. Bf4 Nxe5 18. Bxe5 Bxe5
19. fxe6 fxe6 20. Rg2 $16) 14. f5 Bc8 15. Qb3 Nd7 {White has achieved his goal
and gained a lot of space. However, the position remains double-edged, since
later it can easily turn out that White is left with a lot of weaknesses and
an exposed king.} 16. Nxd7 (16. Nf3 $5) 16... Bxd7 17. h4 e6 18. h5 (18. Bf2
Rb8 $5 $132 {[%cal Gb7b5]}) 18... exf5 19. hxg6 hxg6 20. gxf5 Qh4+ 21. Bf2 Qf4
22. fxg6 Nf6 $6 ({After} 22... Be6 23. Bc4 Nc7 24. Bg3 Qe3+ 25. Ne2 Qxb3 26.
Bxb3 Bxb3 27. Bxc7 {Black is basically fighting for a draw in spite of his
compensation for the pawn.}) ({Better is to take control over square c4:} 22...
Nd6 {with a very sharp position where any result is possible.}) 23. Be2 $6 ({
Mamedyarov had to continue in the same aggressive manner. After} 23. Bc4 {
White's pressure on the diagonal a2-g8 secures him better chances in
complications:} Nxe4 (23... Ng4 24. gxf7+ Kh8 25. Bg3 Qe3+ 26. Ne2 Qxe4 27. Bf4
$18 {[%cal Gb3h3]}) (23... Be8 24. e5 Ng4 25. Nd1 Qe4+ 26. Be3 $18) 24. Bxf7+
Kh8 (24... Rxf7 25. Qxf7+ Qxf7 26. gxf7+ Kxf7 27. Nxe4 Re8 28. Kd2 Rxe4 29.
Rae1 $16) 25. Rh1+ (25. Nxe4 Qxe4+ 26. Qe3 $18) 25... Bh6 26. Rxh6+ Qxh6 27.
Nxe4 Qh1+ 28. Kd2 Qxe4 (28... Qxa1 29. Bg3 $18) 29. Re1 Qf4+ (29... Qg2 30. Qe3
$18) 30. Be3 Qh2+ 31. Re2 Qh4 32. Qc3 $18) 23... Rae8 (23... Nxe4 24. Nxe4 Qxe4
25. gxf7+ Rxf7 26. Kd2 Kf8 $13) 24. e5 {The fight has reached its culminating
point.} Bf5 $2 {Perhaps there is something wrong in the notation of the game.
This move just gives up the knight.} (24... Ng4 25. Bxg4 (25. Bg3 $2 Qxd4 $17)
25... Bxg4 26. Ne2 $13) 25. Rg3 (25. exf6 {Taking the piece with tempo would
have won easily:} Be6 (25... Bxf6 26. gxf7+ $18) (25... Bxg6 26. Rxg6 $18) 26.
d5 $18) 25... Ng4 26. Bxg4 ({Again it is unclear why not the simple} 26. Rf3
Qg5 27. gxf7+ Rxf7 28. Bc4 {and the extra material should be enough for White
to win.}) 26... Bxg4 27. Ne2 Qf5 28. Kd2 Re6 (28... Qxf2 $142 29. gxf7+ (29.
Rxg4 $2 Bh6+ $19) 29... Qxf7 (29... Rxf7 30. Rxg4 $16) 30. Qxf7+ Rxf7 31. Rxg4
c5 $14) 29. Rag1 ({Missing} 29. gxf7+ Rxf7 (29... Qxf7 30. Rxg4 $18) 30. Be3
Bxe2 31. Rag1 $1 {and due to the threat 32.Rg5 White consolidates and keeps a
large advantage. For instance:} (31. Kxe2 c5 $1 32. Rag1 cxd4 $13) 31... Kh8 (
31... c5 32. Rg5 Qh3 33. R1g3 c4 34. Rxh3 cxb3 35. Kxe2 $18) 32. Kxe2 $16)
29... Rxg6 30. Qd3 Qxd3+ 31. Kxd3 $14 {Everything ended up a slightly better
endgame for White. Black still must play accurately to neutralise his
opponent's pressure on the g-file.} Bf5+ 32. Kc4 b5+ {The drawback of this
understandable desire to create counterplay is that White creates a strong
passed d-pawn.} (32... b6 33. Nf4 Rxg3 34. Bxg3 (34. Rxg3 Kh7 35. Nh5 Bh8 $14 {
/=}) 34... Kh7 35. Bh4 Bh6 36. Nh5 Bd2 37. Nf6+ Kh6 38. Rg2 Bc1 $14) 33. Kc5 $1
(33. axb5 cxb5+ 34. Kc5 Rc8+ $132) 33... bxa4 34. Nf4 Rxg3 35. Bxg3 Rb8 36. Bh4
Kh7 (36... Kf8 37. Nh5 Bh6 38. Nf6 Bg7 39. Rg2 Rb4 $14 {[%cal Gf5e6,Gb4c4] /=})
37. Nh5 Bh8 38. Bf6 $1 Rxb2 39. Bxh8 Kxh8 40. Nf6 Bg6 41. Kxc6 (41. e6 $2 Re2
$15) 41... a3 42. e6 {Things are becoming very dangerous for Black.} Re2 ({
After} 42... Rf2 43. e7 {Black has a study-like escape:} Rxf6+ 44. Kc7 (44. Kd7
$2 Bf5+ 45. Kd8 Rd6+) 44... Re6 45. Kd7 Bc2 46. e8=Q+ Rxe8 47. Kxe8 a2 ({Not} 
47... Bb3 48. Kd7 f5 49. Kc6 f4 50. d5 f3 51. d6 f2 52. Ra1 Kg7 53. d7 Ba4+ 54.
Kc7 Bxd7 55. Kxd7 Kf6 56. Kd6 $18) 48. d5 Bb1 49. Kxf7 a1=Q 50. Rh1+ Bh7 51.
Rxa1 Bg8+ $11) 43. d5 Kg7 44. Nh5+ Kh7 (44... Kh6 45. Nf4 $18) 45. d6 (45. Nf4
$2 Rc2+ 46. Kd6 fxe6 47. dxe6 Rd2+ $11) 45... Rc2+ $2 (45... fxe6 {might also
achieve a draw, but it's quite complicated:} 46. Nf6+ Kh6 47. d7 Rc2+ 48. Kd6
Rd2+ 49. Kxe6 (49. Ke7 a2 50. Ra1 Bb1 51. Kxe6 (51. d8=Q Rxd8 52. Kxd8 Kg5 53.
Nd7 Kf4 $11) 51... Kg6 $1 52. Ke5 Re2+ 53. Kd6 Rd2+ 54. Nd5 Be4 $11) 49... Re2+
50. Kd6 Rd2+ 51. Ke7 Re2+ 52. Kf8 Rd2 53. Rh1+ Kg5 54. Ke7 Bf5 55. Rg1+ Kf4 56.
Rf1+ Kg5 57. d8=Q Rxd8 58. Rg1+ Kf4 59. Kxd8 a2 60. Ra1 Be6 61. Ke7 Bb3 62. Re1
Kf3 63. Kd6 Kf2 64. Ra1 Ke3 65. Kc5 Kd3 $11) ({The simplest is} 45... Rxe6 46.
Nf4 Be4+ 47. Kc7 Rh6 48. Ra1 (48. d7 Rc6+ 49. Kb8 Rd6 50. Kc7 Rc6+ $11) 48...
Bf5 49. Rxa3 Rh4 $11) 46. Kd7 $18 fxe6 (46... Bf5 47. Ng7 $1 Bh3 (47... fxe6
48. Ke7 a2 49. d7 Rd2 50. Nxf5 exf5 51. d8=Q Rxd8 52. Kxd8 f4 53. Ke7 $18) 48.
Ke7 $18) 47. Nf6+ Kh6 (47... Kg7 48. Ke7 $18) 48. Ke7 Rd2 49. Rg3 (49. Ng4+ Kh7
50. Ne5 Be4 51. d7 a2 52. Ra1 Bb1 53. Nc4 $18) 49... a2 50. Ra3 Kg5 (50... Bb1
51. d7 Kg5 52. Ne8 {is the same as the game.}) 51. d7 Bb1 52. Ne8 Rxd7+ (52...
e5 53. Nd6 $18) 53. Kxd7 e5 (53... Kf4 54. Kd6 e5 55. Nf6 $18) 54. Nd6 $2 {
Unexpectedly this natural move let the victory slip away.} (54. Nc7 {wins
rather easily:} Kf4 (54... e4 55. Nd5 Kf5 56. Kd6 $18) 55. Kd6 Ke4 (55... e4
56. Nd5+ Kf5 57. Rxa5 $18) 56. Kc5 a4 57. Nd5 $18) 54... e4 55. Nc4 Kf4 56. Kd6
(56. Ne3 Kf3 $1 (56... a1=Q $2 57. Ng2+ $1 $18 (57. Nd5+ $2 Ke5 58. Rxa1 Kxd5
59. Rxb1 e3 $11)) (56... Bd3 57. Ng2+ $18) 57. Nd5+ (57. Nc2+ Kf2 $11) 57...
Bd3 58. Rxa2 (58. Nc3 e3 59. Nxa2 e2 60. Rxd3+ Kf2 61. Rd2 Kf3 $11) 58... e3
59. Ra3 e2 60. Rxd3+ Kf2 $11) 56... Bd3 $1 $11 57. Nb2 (57. Nxa5 e3 58. Rxa2 e2
59. Ra1 Ke3 60. Nb3 Bc2 $11) (57. Ne5 Bb1 58. Kd5 e3 59. Kd4 e2 60. Nf3 a1=Q+
61. Rxa1 Kxf3 62. Rxb1 Kf2 $11) 57... Bb1 58. Nd1 Bc2 59. Nc3 Bb3 $1 (59... Bb1
$2 60. Nd5+ $18) 60. Ne2+ (60. Nxa2 Bxa2 61. Rxa2 e3 62. Kd5 Kf3 63. Kd4 e2 64.
Ra1 Kf2 $11) 60... Ke3 61. Nc3 Kd2 62. Nxe4+ Kc2 63. Nc5 a4 (63... Bg8 {
is also a draw:} 64. Na4 Kb1 65. Nc3+ Kb2 $11) 64. Nxa4 Bxa4 65. Rxa2+ Kb3
1/2-1/2

[Event "EU-Cup 24th"]
[Site "Kallithea"]
[Date "2008.10.22"]
[Round "6"]
[White "Vitiugov, Nikita"]
[Black "Predojevic, Borki"]
[Result "1/2-1/2"]
[WhiteElo "2638"]
[BlackElo "2615"]
[Annotator "Rogozenco,D"]
[PlyCount "86"]
[EventDate "2008.10.17"]
[EventType "team-swiss"]
[EventRounds "7"]
[EventCountry "GRE"]
[SourceTitle "CBM 127"]
[Source "ChessBase"]
[SourceDate "2008.11.13"]
[SourceVersion "1"]
[SourceVersionDate "2008.11.13"]
[SourceQuality "1"]
[WhiteTeam "Finek Gazprombank"]
[BlackTeam "Sarajevo Bosna"]
[WhiteTeamCountry "RUS"]
[BlackTeamCountry "BIH"]

1. Nf3 d5 2. d4 Nf6 3. c4 c6 4. Nc3 dxc4 5. a4 Bf5 6. Ne5 Nbd7 7. Nxc4 Nb6 8.
Ne5 a5 9. g3 e6 10. Bg2 Bb4 11. O-O O-O 12. e3 h6 13. Qe2 Bh7 14. Rd1 Nfd7 15.
Nd3 Qf6 {In this opening variation Black is currently facing problems and
Predojevic employs a rare move, used by Kir. Georgiev three days ago in the
same competition. With 15...Qf6 Black keeps an eye on the d4-pawn and for the
moment prevents the advance e3-e4. However, this looks too artificial and is
unlikely to remain popular for long.} (15... Bxd3 16. Qxd3 $14) (15... Bd6 16.
e4 Re8 17. b3 Qc7 18. Be3 Rad8 19. Rac1 $14 {1-0 Horvath,C (2534)-Jovanic,O 
(2464)/Sibenik 2006 (53)}) (15... Qe7 16. e4 e5 (16... Rfd8 17. f4 $1 $36 {
1-0 Jakovenko,D (2737)-Sakaev,K (2640)/Moscow 2008 (48)}) 17. dxe5 Nxe5 18.
Nxe5 Qxe5 19. Be3 Bc5 20. Rac1 Bxe3 21. Qxe3 Nc4 22. Qd4 $14) 16. Ne4 ({
An attractive continuation is} 16. f4 {and after} Rfd8 17. Nf2 $5 {protecting
the pawn d4 and preparing the advance of the e-pawn.} (17. Ne4 {1/2-1/2 Miton,
K (2580)-Becerra Rivero,J (2598)/Lubbock USA 2008})) 16... Qe7 17. b3 (17. Nxb4
axb4 18. a5 e5 19. Bd2 Nd5 20. Be1 Rfe8 21. Qc4 exd4 22. Rxd4 Bf5 23. Nd2 (23.
Bxb4 Nxb4 24. Qxb4 c5 25. Nxc5 Qxc5 (25... Nxc5 26. Rd5 Nb3 27. Qxb3 Be6 28.
Qb5 Bxd5 29. Bxd5 $16) 26. Bxb7 ({or} 26. Qxc5 Nxc5 27. Rd5 Nb3 28. Ra3 Be6 29.
Rb5 Rad8 $13) 26... Ra7 27. Bd5 $13) (23. a6 $5) 23... Be6 24. Qc2 Nc7 $1 25.
Nb3 Na6 {1/2-1/2 Sakaev,K (2640)-Georgiev,K (2645)/Kallithea 2008}) 17... Nd5
18. Nxb4 axb4 19. Bb2 Rfd8 20. Rac1 Rac8 ({Another way to implement a similar
idea from the game is} 20... e5 21. dxe5 Nxe5 22. Nc5 Nc3 23. Bxc3 bxc3 24.
Rxc3 Rxd1+ 25. Qxd1 b6 26. Ne4 Rd8 $44 27. Qe2 $140 Qa3 $132) 21. Nc5 {White's
plan is to prepare the advance e3-e4, after which his bishop pair will secure
a clear positional advantage. Predojevic finds an interesting way to exploit
his only trump - the weak square c3 in White's camp.} Nxc5 22. dxc5 Nc3 $5 23.
Bxc3 bxc3 24. Rxc3 Rxd1+ 25. Qxd1 Rd8 26. Qe2 Qf6 $1 27. Rc1 Bd3 28. Qa2 e5 $14
{Black's idea has become clear: he sacrificed a pawn, but considerably
improved his bishop. Now he will double the rook and queen behind it and will
consolidate it even more by advancing the e-pawn. Exchanging the bishop on d3
will result in a powerful passed pawn for Black.} 29. Qb2 Qe6 30. h4 {Making
progress is a difficult task for White, but without taking any risk he won't
be able to convert the extra pawn.} (30. e4 $6 Rd4 31. f3 Rb4 (31... Qd7 32.
Rd1 Bc2 $5 33. Rxd4 Qxd4+ 34. Qxd4 exd4 35. Kf2 Bxb3 36. a5 $14) 32. Rc3 Qd7
$132) ({Worthy of attention was the direct} 30. b4 e4 (30... Ra8 31. Ra1 Qc4
$140 32. Qxe5 Qxb4 33. Qd4 $16) (30... h5 31. h4) 31. b5 {and White should be
able to deal with Black's counterplay on the kingside:} h5 (31... Qd5 32. bxc6
$5 (32. Qb4 h5 33. h4 $14) 32... Qxc6 (32... bxc6 33. a5 $16) 33. Qb6 Ra8 34.
a5 $14) 32. h4 Rd5 (32... g5 {doesn't work:} 33. hxg5 Rd5 34. Qf6 $18) 33. bxc6
bxc6 (33... Qxc6 34. Qb6 $16) 34. Qb7 g5 35. a5 gxh4 36. a6 $5) 30... e4 31.
Qc3 Kh7 32. Rd1 f5 33. Rd2 {Going nowhere. Meanwhile Black finds the best
squares for his pieces.} Rd5 $1 34. b4 Qe7 35. Bf1 {White achieved his plan
only to figure out that he can't exchange on d3.} Qd7 36. Bh3 ({After} 36. Bxd3
$2 Rxd3 37. Rxd3 exd3 38. Qd2 Qd5 {[%cal Gd5b3,Gb3c2] White must look for
escape with moves like} 39. f3) 36... Kh8 {Black has arranged his pieces
perfectly and now it's not possible to advance b4-b5 anymore. And otherwise
White can't do much.} 37. Qb2 Kh7 38. Rd1 Qf7 39. Rd2 Qd7 40. Qc3 Kh8 41. h5
Qe8 42. Bf1 Qd7 (42... Qxh5 $2 43. Bxd3 exd3 44. Rxd3 $16) 43. Bh3 Qe8 1/2-1/2

[Event "EU-ch 10th"]
[Site "Budva"]
[Date "2009.03.10"]
[Round "5"]
[White "Georgiev, Kiril"]
[Black "Popov, Ivan1"]
[Result "1-0"]
[WhiteElo "2634"]
[BlackElo "2541"]
[Annotator "Rogozenco,D"]
[PlyCount "105"]
[EventDate "2009.03.06"]
[EventType "swiss"]
[EventRounds "11"]
[EventCountry "MNE"]
[SourceTitle "CBM 130"]
[Source "ChessBase"]
[SourceDate "2009.05.20"]
[SourceVersion "1"]
[SourceVersionDate "2009.05.20"]
[SourceQuality "1"]

1. d4 d5 2. c4 c6 3. Nc3 Nf6 4. Nf3 dxc4 5. a4 Bf5 6. Ne5 Nbd7 7. Nxc4 Qc7 8.
g3 e5 9. dxe5 Nxe5 10. Bf4 Nfd7 11. Bg2 g5 12. Bxe5 Nxe5 13. Qd4 f6 14. O-O-O
Be7 15. Ne3 Be6 16. h4 $5 $146 {A novelty that brings fresh air into this
popular variation. Georgiev implements a new plan in such positions: he will
use the f4-square for his queen, transfer the bishop to the b1-h7 diagonal and
use the e4-square for the knight. In the present game White's plan worked out
perfectly.} ({In multiple games White used to play} 16. Qe4 $14 {/~~}) 16... g4
({Black cannot make use of the queen on d4, since after} 16... Bb3 17. Rd2 (17.
hxg5 $5 Bxd1 18. gxf6 Bxf6 19. Ne4 Be7 20. Rxd1 $44) 17... Rd8 (17... O-O 18.
hxg5 fxg5 19. Be4 $1 $36 (19. Qe4 Bc5 {transposes to a theoretical position,
which is acceptable for Black})) 18. Qxa7 Rxd2 19. Kxd2 O-O 20. hxg5 fxg5 21.
Be4 {the compensation for the pawn is hardly sufficient.}) (16... O-O $6 17.
hxg5 fxg5 18. Qe4 Bc5 19. Rh5 $16) 17. Qf4 O-O 18. Be4 Bc5 (18... a6 $6 {
[%cal Gb7b5]} 19. Bf5 $1 $16) (18... Bb3 $6 19. Bc2 Bxc2 20. Kxc2 $16 {[%csl
Rf5]}) 19. Bc2 (19. Bf5 $6 Bxe3+ 20. fxe3 Bxf5 21. Qxf5 Qc8 $11) 19... Rf7 $2 {
White's plan is to increase the activity of his pieces with Ne4 and Nf5, while
for Black it is not easy to find a clear plan. However, 19...Rf7 only helps
White, who will have the threat Nh6+ later on.} (19... Qb6 $13 {was necessary})
({or even something like} 19... b5 20. axb5 Rab8 $5) 20. Ne4 Be7 21. Nf5 $16
Nd3+ {Most likely Black didn't like his position at all and decided to change
something, but the compensation for the sacrificed will not be enough.} (21...
Rff8 $142 22. Kb1 $16) 22. exd3 ({Another good way is} 22. Bxd3 Qxf4+ 23. gxf4
Bxf5 24. Nd6 $1 Bxd3 (24... Bxd6 25. Bxf5 Bxf4+ 26. e3 $16 {[%cal Gf5e6] /+-})
25. Nxf7 Be4 (25... Bxe2 26. Rd7 Bf8 27. Re1 Bf3 28. Nd6 $18) 26. f3 gxf3 27.
Nh6+ Kf8 (27... Kg7 28. Rd7 Re8 29. exf3 Bxf3 30. Re1 $18) 28. exf3 Bd5 (28...
Bxf3 29. Rhg1 $18) 29. Rhg1 $16) 22... Qxf4+ 23. gxf4 Bxf5 24. Bb3 Bb4 $6 (
24... Kg7 25. Bxf7 Kxf7 $16) 25. Nxf6+ Kf8 26. Bxf7 Kxf7 27. Ne4 {In spite of
obvious technical difficulties (Black's bishop pair and White's broken pawn
structure) the big material advantage should be enough for a win.} Rd8 28. f3 (
28. Kc2 $16 {/+-}) 28... gxf3 29. Ng5+ Kf6 30. Nxf3 Rxd3 (30... Bxd3 31. Ne5
Be4 32. Rxd8 Bxh1 33. Rd7 $18) (30... Bd6 31. Ne5 $18) 31. Nd4 Rxd1+ 32. Rxd1
Bg4 33. Rd3 Be1 34. h5 Bf2 (34... Bxh5 35. Rh3 Bg6 36. f5 Bxf5 37. Rf3 $18) 35.
h6 Kg6 36. Kd2 Kxh6 37. Nf3 Kg7 38. Ne5 Bf5 39. Rd8 c5 ({Better was to seek
counterplay with} 39... h5 40. Ke2 Bg1 41. Rb8 h4 {although White must win
anyway:} 42. Rxb7+ Kf6 43. Rf7+ Ke6 44. Kf3 h3 45. Rf8 h2 46. Rh8 Kd5 47. Kg3 {
[%cal Ge5f3]}) 40. Nd3 Bg1 41. Rd5 Kg6 42. Nxc5 b6 43. Ne4 $1 h6 (43... Bxe4
44. Rg5+ $18) 44. Rd6+ Kg7 45. Ng3 $18 Bg6 46. Rd7+ Kf6 47. Rd6+ Kg7 48. Rd7+
Kf6 49. Rxa7 h5 50. f5 Bxf5 51. Nxh5+ Ke5 52. a5 Bg4 53. Rg7 1-0

[Event "World Cup"]
[Site "Khanty-Mansiysk"]
[Date "2007.12.01"]
[Round "3.2"]
[White "Alekseev, Evgeny V"]
[Black "Fressinet, Laurent"]
[Result "1-0"]
[WhiteElo "2716"]
[BlackElo "2654"]
[Annotator "Rogozenco,D"]
[PlyCount "75"]
[EventDate "2007.11.24"]
[EventType "k.o."]
[EventRounds "7"]
[EventCountry "RUS"]
[SourceTitle "CBM 122"]
[Source "ChessBase"]
[SourceDate "2008.01.30"]
[SourceVersion "1"]
[SourceVersionDate "2008.01.30"]
[SourceQuality "1"]

1. d4 d5 2. c4 c6 3. Nf3 Nf6 4. Nc3 dxc4 5. a4 Bf5 6. Ne5 Nbd7 7. Nxc4 Qc7 8.
g3 e5 9. dxe5 Nxe5 10. Bf4 Nfd7 11. Bg2 f6 12. O-O Nc5 13. Ne3 Bg6 14. b4 Rd8 {
This move doesn't have a good reputation, but Fressinet already played it and
has his own opinion about it.} (14... Ne6 {is the main line}) 15. Ned5 cxd5 16.
bxc5 Bxc5 (16... d4 17. Nd5 Qc8 18. Qxd4 Bxc5 19. Qb2 O-O 20. Rac1 $36) 17. Qb3
$146 (17. Rc1 b6 18. Bxd5 Bf7 19. Nb5 Qe7 20. Bxe5 Bxd5 21. Bd6 Rxd6 22. Rxc5
bxc5 {1/2-1/2 Dorfman,J (2586)-Fressinet,L (2626)/Besancon 2006}) (17. Nxd5 Qf7
(17... Qb8 18. Qb3 Bd6 19. Rfd1 Bf7 20. Qb5+ Kf8 21. Rab1 $16 {1-0 Bacrot,
E-Morovic Fernandez,I/Cap d'Agde (rapid) 1998 (41)}) 18. Qb3 O-O 19. Rfd1 Kh8 {
leads to the game position}) 17... O-O 18. Rfd1 Kh8 19. Nxd5 Qf7 20. h3 {
Black has no weaknesses and his position is rather solid. However, thanks to
his strong centralized knight White is marginally better.} Bf5 $1 21. e4 Be6
22. a5 b6 (22... Rd6 $5 23. Rab1 $140 (23. Qb5 Rc8 24. Rac1 (24. Rab1 Qh5 $132)
24... Rdc6 $13) 23... b6 24. axb6 Rxb6 25. Qc2 Rxb1 26. Rxb1 Rc8 $11) 23. axb6
axb6 (23... Bxb6 24. Qb5 Rd6 25. Nxb6 Rxb6 26. Qa5 Rb7 27. Rab1 $16) 24. Qc3
Rc8 25. Be3 $1 {White achieved something: the pawn on b6 requires permanent
defense. Still Black should be able to hold the position.} Ng6 $2 {After this
retreat Fressinet will suddenly experience serious problems. It curious to
watch how his position quickly collapses.} ({The French GM had to choose one
of the following options:} 25... Bxe3 26. Qxe3 Nc4 27. Qb3 f5 $14) ({or} 25...
Rfd8 26. Bxc5 bxc5 27. f4 Nd7 $14 (27... Bxd5 28. exd5 Nd7 29. d6 $36)) 26.
Bxc5 bxc5 (26... Rxc5 27. Qe3 Bxd5 28. exd5 $16) 27. f4 Ne7 (27... f5 28. e5
$16 (28. exf5 Bxf5 29. Nb6 $36)) ({Due to the threat 28.f5 Black has no time
to neutralize White's pressure in the center:} 27... Rfd8 $2 28. f5 Bxd5 29.
fxg6 $18) 28. Ne3 f5 $2 {The second mistake is fatal: White's pieces are very
active and Black is unable to hold the position.} (28... Rfd8 29. Rxd8+ Rxd8
30. Qxc5 $16 {/+-}) ({After} 28... Rfe8 29. Rd6 Rc7 {Black still has good
chances to defend successfully against White's initiative.}) 29. Ra7 fxe4 (
29... Rfe8 30. exf5 Bxf5 31. g4 (31. Nxf5 Qxf5 32. Rdd7 Qf8 $16) (31. Nc4 $16)
31... Be6 32. f5 Bb3 33. Rdd7 $18) 30. f5 $1 $18 Nd5 (30... Bb3 31. Rdd7 Rfe8
32. Bxe4 $18) (30... Bxf5 31. Nxf5 $18) 31. Rxd5 Qxa7 32. fxe6 {The rest is
simple since Black cannot create any counterplay against White's king.} Rcd8
33. Bxe4 c4 34. Kg2 Rde8 (34... Rxd5 35. Bxd5 Qa2+ 36. Nc2 Qa7 37. Qe3 $18) 35.
Rd7 Qa2+ 36. Bc2 Rf6 37. Nd5 Qa8 38. Kg1 1-0